000 00666nam a2200277Ia 4500
005 20260324142700.0
008 008 260324s9999 xx 000 0 eng d
020 _a9780203416624
037 _aEBOOK
040 _aCRL
040 _beng
040 _cCRL
041 _2eng
041 _aeng
084 _qCRL
100 _aAndrew Miles; Mike Savage
_91212867
245 4 _aThe Remaking of the British Working Class, 1840-1940
260 _bTaylor and Francis
260 _c1994
365 _a
365 _b230
856 _uhttp://www.taylorfrancis.com/books/9780203416624
942 _cEBOOK
999 _c1817314
_d1817314